|
|
|
|
| LEADER |
01631nam a22003977a 4500 |
| 001 |
35513 |
| 003 |
BD-DhAAL |
| 005 |
20211129155733.0 |
| 008 |
190915t2006 enka b 001 0 eng |
| 999 |
|
|
|c 41261
|d 41261
|
| 010 |
|
|
|a 2005007666
|
| 020 |
|
|
|a 0415345030 (hbk. : alk. paper)
|
| 020 |
|
|
|a 9780415345033 (hbk. : alk. paper)
|
| 020 |
|
|
|a 0415345049 (pbk. : alk. paper)
|
| 020 |
|
|
|a 9780415345040 (pbk. : alk. paper)
|
| 035 |
|
|
|a (OCoLC)ocm58546283
|
| 035 |
|
|
|a (OCoLC)58546283
|
| 040 |
|
|
|a DLC
|c DLC
|d BAKER
|d BWKUK
|d EHH
|d YDXCP
|d DLC
|d BD-DhAAL
|
| 042 |
|
|
|a pcc
|
| 043 |
|
|
|a e-it---
|
| 050 |
0 |
0 |
|a LB1140.25.I8
|b R56 2006
|
| 082 |
0 |
0 |
|a 372.21094543
|2 22
|
| 100 |
1 |
|
|a Rinaldi, Carlina.
|9 34646
|
| 245 |
1 |
0 |
|a In dialogue with Reggio Emilia :
|b listening, researching and learning /
|c Carlina Rinaldi.
|
| 260 |
|
|
|a London ;
|a New York :
|b Routledge,
|c 2006.
|
| 300 |
|
|
|a xi, 226 pages :
|b illustrations ;
|c 22 cm.
|
| 490 |
|
|
|a Contesting early childhood series
|
| 504 |
|
|
|a Includes bibliographical references (p. [210]-219) and index.
|
| 526 |
|
|
|a BIED
|
| 541 |
|
|
|a Complimentary copy from BIED
|e 35513
|
| 650 |
|
0 |
|a Education, Preschool
|z Italy
|z Reggio Emilia.
|9 34647
|
| 650 |
|
0 |
|a Early childhood education
|z Italy
|z Reggio Emilia.
|9 34648
|
| 650 |
|
0 |
|a Reggio Emilia approach (Early childhood education)
|9 34649
|
| 852 |
|
|
|a Ayesha Abed Library
|c BIED Collection
|
| 942 |
|
|
|2 ddc
|c BK
|
| 952 |
|
|
|0 0
|1 0
|2 ddc
|4 0
|6 372_210945430000000_RIN
|7 0
|9 66316
|a BRACUL
|b BRACUL
|c GEN
|d 2019-09-15
|e Complimentary copy from BIED
|l 0
|o 372.21094543 RIN
|p 3010035513
|r 2019-09-15
|t 1
|w 2019-09-15
|y BK
|x Transferred from BIED to General Stacks
|